Contemporary Macroeconomics ./ (Record no. 109842)
[ view plain ]
| 000 -LEADER | |
|---|---|
| fixed length control field | 00485nam a22001817a 4500 |
| 003 - CONTROL NUMBER IDENTIFIER | |
| control field | BD-ChCU |
| 005 - DATE AND TIME OF LATEST TRANSACTION | |
| control field | 20251126093019.0 |
| 008 - FIXED-LENGTH DATA ELEMENTS--GENERAL INFORMATION | |
| fixed length control field | 251126b bg ||||| |||| 00| 0 ben d |
| 040 ## - CATALOGING SOURCE | |
| Transcribing agency | BD-ChCU |
| 082 ## - DEWEY DECIMAL CLASSIFICATION NUMBER | |
| Classification number | 330.18 SPC (4) |
| 100 ## - MAIN ENTRY--PERSONAL NAME | |
| Personal name | Spencer , Milton H. |
| 9 (RLIN) | 16922 |
| 245 ## - TITLE STATEMENT | |
| Title | Contemporary Macroeconomics ./ |
| Statement of responsibility, etc. | Milton H. Spencer. |
| 250 ## - EDITION STATEMENT | |
| Edition statement | 4th ed. |
| 260 ## - PUBLICATION, DISTRIBUTION, ETC. | |
| Place of publication, distribution, etc. | New York : |
| Name of publisher, distributor, etc. | Worth , |
| Date of publication, distribution, etc. | C 1980 |
| 300 ## - PHYSICAL DESCRIPTION | |
| Extent | xix , 432p |
| 650 #0 - SUBJECT ADDED ENTRY--TOPICAL TERM | |
| Topical term or geographic name entry element | Macroeconomics. |
| 9 (RLIN) | 16924 |
| 942 ## - ADDED ENTRY ELEMENTS (KOHA) | |
| Source of classification or shelving scheme | Dewey Decimal Classification |
| Koha item type | Books |
| Suppress in OPAC | No |
| Withdrawn status | Lost status | Source of classification or shelving scheme | Damaged status | Not for loan | Home library | Current library | Shelving location | Date acquired | Source of acquisition | Total Checkouts | Full call number | Barcode | Date last seen | Copy number | Price effective from | Koha item type |
|---|---|---|---|---|---|---|---|---|---|---|---|---|---|---|---|---|
| Dewey Decimal Classification | Chittagong University Library | Chittagong University Library | Business and Social Science Reading Room | 26/11/2025 | Purchase | 330.18 SPC (4) | 109095 | 26/11/2025 | C-1 | 26/11/2025 | Books | |||||
| Dewey Decimal Classification | Chittagong University Library | Chittagong University Library | Business and Social Science Reading Room | 26/11/2025 | Purchase | 330.18 SPC (4) | 120176 | 26/11/2025 | C-2 | 26/11/2025 | Books | |||||
| Dewey Decimal Classification | Chittagong University Library | Chittagong University Library | Business and Social Science Reading Room | 26/11/2025 | Purchase | 330.18 SPC (4) | 142455 | 26/11/2025 | C-3 | 26/11/2025 | Books | |||||
| Dewey Decimal Classification | Chittagong University Library | Chittagong University Library | Business and Social Science Reading Room | 26/11/2025 | Purchase | 330.18 SPC (4) | 142456 | 26/11/2025 | C-4 | 26/11/2025 | Books |